Charakter dosavadní i nově navrhované zemědělské politiky na období 1994-1995

Podrobná bibliografia
Hlavní autori: Doucha, Tomáš, 1943- (Autor), Pražan, Jaroslav (Autor), Ratinger, Tomáš (Autor)
Médium: Článok
Jazyk:slovenčina
čeština
Fyzický popis:Tab. 4
ISSN:0323-2670
Predmet:

MARC

LEADER 00000nab a2200000 a 4500
001 vtls000512833
003 SK-MaSNL
005 20260304093702.0
008 250425c1994 xo 0 slo
015 |a SNBRB19rr/mm-uuuuu 
035 |a CL0512971 
035 |a urn:nbn:sk:snk-ab2sg2 
035 |a (urnnbn)urn:nbn:sk:snk:ar-a02vd8 
035 |a (uuid)f24b48c6-f8c5-48d4-926b-2a2aeeec2c9c 
040 |a SNKBUCL  |b slo  |c SNKBUCL  |e AACR2 
041 0 |a cze 
044 |a xo  |c SK 
080 |a 338.43(437.1/.2):338.23  |2 1981 
080 |a 338.23  |2 1981 
080 |a 631.15(437.1/.2)  |2 1981 
100 1 |a Doucha, Tomáš,  |d 1943-  |4 aut  |9 9712 
245 1 0 |a Charakter dosavadní i nově navrhované zemědělské politiky na období 1994-1995  |c Tomáš Doucha, Jaroslav Pražan, Tomáš Ratinger 
300 |b Tab. 4 
650 0 7 |a Česká republika  |2 snkbucl  |9 894061 
650 0 7 |a politika agrárna  |2 snkbucl  |9 846060 
655 7 |a články z novín a časopisov  |2 snkbucl  |9 267496 
700 1 |a Pražan, Jaroslav  |4 aut  |9 11692 
700 1 |a Ratinger, Tomáš  |4 aut  |9 1321770 
773 0 |t Agroekonomika  |g Roč. 4, č. 3 (1994), s. 100-103  |x 0323-2670 
850 |a Slovenská národná knižnica 
852 |a Slovenská národná knižnica 
954 |a odborná, vedecká literatúra cudzojazyčná (svetová)  |2 lita 
954 |a odborná, vedecká literatúra pôvodná (slovenská)  |2 lita 
958 |a article27 
958 |a OND 
958 |a RK 
958 |a CZ 
958 |a EUIPO 
992 |a RBX 
999 |c 2824176  |d 2826106